Kam idú slovensté start-upy

Spoluzakladateľka súťaže Startup Awards Michaela Jacová hodnotí progres technologickej scény na Slovensku. Víťazi súťaže v roku 2014.

Gespeichert in:
Bibliographische Detailangaben
1. Verfasser: Garaj, Patrik
Format: Buchkapitel
Sprache:Slowakisch
Schlagworte:
Tags: Tag hinzufügen
Keine Tags, Fügen Sie das erste Tag hinzu!

MARC

LEADER 00000naa a2200000 4500
001 0196382
005 20231113101904.2
041 0 |a slo 
044 |a SK 
245 1 0 |a Kam idú slovensté start-upy  |c Patrik Garaj 
520 |a Spoluzakladateľka súťaže Startup Awards Michaela Jacová hodnotí progres technologickej scény na Slovensku. Víťazi súťaže v roku 2014. 
610 2 0 |a start-up 
610 2 0 |a podnikanie 
610 2 0 |a inovácia 
610 2 0 |a projekty 
610 2 0 |a súťaže 
610 2 0 |a Slovensko 
100 1 |a Garaj, Patrik